| 000 | 00529nam a2200169 i 4500 | ||
|---|---|---|---|
| 001 | 24711 | ||
| 003 | ES-MaACL | ||
| 005 | 20230906153117.0 | ||
| 007 | t| | ||
| 008 | 021218s1931 cr ||||1| spa d | ||
| 100 | 1 |
_aAngelini de Libera, A. _921716 |
|
| 245 | 1 | 0 |
_aManual de agricultura tropical / _cA. Angelini de Libera. |
| 260 |
_aSan José de Costa Rica : _b[s.n.], _c1931 ( _fImpr. "La Tribuna") |
||
| 300 |
_a168 p., 19 lám. ; _c21 cm. |
||
| 650 | 4 |
_aAgricultura- _zRegiones tropicales. _9165311 |
|
| 852 |
_aES-MaACL _jA-1499 |
||
| 999 |
_c24711 _d24711 |
||